000 00325nam a2200133Ia 4500
008 231129s1980||||xx |||||||||||||| ||spa||
040 _bspa
082 _aCo860.8 B582
100 _aBiblioteca Publica Piloto. Taller de Escritores.
245 0 _aTrabajo de taller
260 _c1980
264 _aLealon
942 _2ddc
_cBKS
999 _c25532
_d25532